Právo a moderní lékařství

Bibliographic Details
Main Author: Štěpán, Jaromír, 1918-1989 (Author)
Format: Book
Language:Czech
PhysicalDescription:347 s. 20 cm
Published: Praha Panorama 1989
ISBN:8070380683
Edition:1. vyd.
Series:Praktické příručky
Subjects:

MARC

LEADER 00000cam a2200000 a 4500
001 vtls008719181
003 SK-MaSNL
005 20260301080118.0
008 240314s1989 xr g f 001 0 cze
020 |a 8070380683  |q (brož.) 
035 |a POKPOH14336 
040 |a SNK  |b slo  |c SNK  |e AACR2 
041 0 |a cze  |b cze  |b eng 
044 |a xr  |c CZ 
072 7 |a 34  |x Právo  |2 konspekt 
080 |a 34:61  |2 2001 
080 |a (035)  |2 2001 
100 1 |a Štěpán, Jaromír,  |d 1918-1989  |4 aut  |9 401264 
245 1 0 |a Právo a moderní lékařství  |c Jaromír Štěpán 
250 |a 1. vyd. 
260 |a Praha  |b Panorama  |c 1989 
300 |a 347 s.  |c 20 cm 
366 |e 5000 výt. 
490 1 |a Praktické příručky 
504 |a Biblogr. odkazy. Pozn. Slovník cudzích výrazov. Vec. reg. 
546 |a Res. angl. a čes. 
650 0 7 |a medicínske právo  |2 SNKPH  |9 88232 
655 7 |a príručky  |2 SNKPH  |9 74364 
830 0 |a Praktické příručky  |9 296340 
919 |a 80-7038-068-3 
958 |a OND 
999 |c 652248  |d 654178 
952 |a SNK  |b SNK  |y VYP  |7 0  |p 17A0603884  |o snkID 89742 D1  |i snkKIP 12906/89  |0 0  |1 1  |4 0  |d 2008-11-15  |l 0  |r 2026-02-23 18:25:48  |w 2026-02-23 
952 |a SNK  |b SNK  |y VYP  |7 0  |p 17A0592554  |o snkID 89742   |i snkKIP 12905/89  |0 0  |1 0  |4 0  |d 2009-10-13  |l 0  |r 2026-02-23 18:25:48  |w 2026-02-23